Statistics for vilka olika -stan finns det i asien?

Click here to take the quiz!

General Stats

  • This quiz has been taken 198 times
  • The average score is 4 of 7

Answer Stats

reminderAnswer% Correct
-stankazakstan
88%
-stanturkmenistan
86%
-stanpakistan
84%
-stanuzbekistan
82%
-stanafghanistan
79%
-stankirgizistan
30%
-stantadjizkstan
1%

Score Distribution

Percentile by Number Answered

Percent of People with Each Score

Your Score History

You have not taken this quiz